grzesio jest niegrzeczny - Statystyki

Ogólne statystyki
  • Ten quiz został rozwiązany 24 razy
    23 od ostatniego zresetowania
  • Średni wynik to 20 z 20
Odpowiedzi na mapie
Odpowiedzi zakodowano w zielono-czerwonej skali na mapie do tego quizu, zgodnie z poniższymi procentami.
 
Statystyki odpowiedzi
odpowiedź % Poprawnych
austria
100%
belgia
100%
białoruś
100%
bośnia i hercegowina
100%
bułgaria
100%
chorwacja
100%
czarnogóra
100%
czechy
100%
dania
100%
estonia
100%
finlandia
100%
francja
100%
hiszpania
100%
irlandia
100%
islandia
100%
litwa
100%
łotwa
100%
mołdawia
100%
niemcy
100%
norwegia
100%
polska
100%
portugalia
100%
rosja
100%
rumunia
100%
słowacja
100%
słowenia
100%
szwajcaria
100%
szwecja
100%
ukraina
100%
węgry
100%
wielka brytania
100%
włochy
100%
macedonia północna
93%
albania
91%
grecja
91%
serbia
91%
kosowo
88%
Nie znaleziono quizów pasujących do podanych kryteriów
Rozkład punktacji
Procent ludzi z każdym wynikiem
Percentyl według liczby udzielonych odpowiedzi
Twoja historia wyników
Nie rozwiązałeś tego quizu od ostatniego zresetowania